| 000 | 00742cam a2200241 4500 | ||
|---|---|---|---|
| 001 | J1127 | ||
| 008 | 090401t1992 xxu||||| |||| 00| 0 eng d | ||
| 035 | _a(Sirsi) u41910 | ||
| 041 | _aeng | ||
| 050 | _a333.70212 | ||
| 110 |
_aUnited Kingdom _bDepartment of the Environment _9982 |
||
| 245 | _aLand use change in England no. 7. | ||
| 260 |
_aLondon _bDepartment of the Environment _c1992 |
||
| 300 | _aiv,25p. ; 30cm. | ||
| 350 | _a4 | ||
| 490 |
_aDepartment of the Environment Statistical Bulletin _v(92)4 |
||
| 520 | _aCovers land use change and changes to urban use in 1987 and changes to residential use 1985-1989. | ||
| 650 |
_aLand use _96251 |
||
| 650 | _aSTATISTICS | ||
| 690 | _aLAND | ||
| 942 | _n0 | ||
| 948 | _c04/03/1997 | ||
| 999 |
_c91001 _d91001 |
||